00286nam a2200133Ia 45000030006000000080041000060400015000471000016000622450026000782500010001042600009001145460012001230050017001350STCL150530s9999 xx 000 0 und d aSTCLcSTCL aDoren, M.V. aPoetry of John Dryden aFirst c1931 aEnglish20220125171149.0